Practical Antomy & Phisiology (Record no. 33760)
[ view plain ]
| 000 -LEADER | |
|---|---|
| fixed length control field | 00331nam a2200145Ia 4500 |
| 008 - FIXED-LENGTH DATA ELEMENTS--GENERAL INFORMATION | |
| fixed length control field | 220204s9999 xx 000 0 und d |
| 020 ## - INTERNATIONAL STANDARD BOOK NUMBER | |
| International Standard Book Number | 9389825879 |
| 082 ## - DEWEY DECIMAL CLASSIFICATION NUMBER | |
| Classification number | 615.5 |
| Item number | N.A-P |
| 100 ## - MAIN ENTRY--PERSONAL NAME | |
| Personal name | N.A. John |
| 245 #0 - TITLE STATEMENT | |
| Title | Practical Antomy & Phisiology |
| 250 ## - EDITION STATEMENT | |
| Edition statement | 1ST |
| 260 ## - PUBLICATION, DISTRIBUTION, ETC. | |
| Place of publication, distribution, etc. | Delhi |
| Name of publisher, distributor, etc. | C.B.S. |
| Date of publication, distribution, etc. | 2016 |
| 300 ## - PHYSICAL DESCRIPTION | |
| Extent | 166 |
| 942 ## - ADDED ENTRY ELEMENTS (KOHA) | |
| Koha item type | Book |
| Withdrawn status | Lost status | Damaged status | Not for loan | Collection code | Permanent Location | Current Location | Shelving location | Date acquired | Cost, normal purchase price | Total Checkouts | Full call number | Barcode | Date last seen | Date last checked out | Price effective from | Koha item type |
|---|---|---|---|---|---|---|---|---|---|---|---|---|---|---|---|---|
| Maharishi School of Pharmaceutical Science (Lucknow) | Maharishi School of Pharmaceutical Science (Lucknow) | R13S3 | 2022-02-04 | 335.00 | 1 | 613.7 JOH-P | SOPH1422 | 2025-01-28 | 2025-01-28 | 2022-02-04 | Book | |||||
| Maharishi School of Pharmaceutical Science (Lucknow) | Maharishi School of Pharmaceutical Science (Lucknow) | R13S3 | 2022-02-04 | 335.00 | 1 | 613.7 JOH-P | SOPH1423 | 2025-10-11 | 2025-10-11 | 2022-02-04 | Book | |||||
| Maharishi School of Pharmaceutical Science (Lucknow) | Maharishi School of Pharmaceutical Science (Lucknow) | R13S3 | 2022-02-04 | 335.00 | 613.7 JOH-P | SOPH1424 | 2022-02-04 | 2022-02-04 | Reference Book |